Statistics for Rýchla matematika – zdvojnásobte toto číslo!

Click here to take the quiz!

General Stats

  • This quiz has been taken 30 times
  • The average score is 11 of 20

Answer Stats

číslodvojitý% Correct
5371074
100%
5381076
100%
5431086
100%
5501100
100%
5641128
100%
5901180
100%
6051210
100%
6161232
100%
6221244
100%
6561312
100%
7031406
100%
7091418
100%
7251450
100%
73146
100%
7571514
100%
7901580
100%
8151630
100%
8201640
100%
8391678
100%
8631726
100%
9201840
100%
9431886
100%
9521904
100%
9901980
100%
113226
100%
114228
100%
122244
100%
124248
100%
131262
100%
140280
100%
141282
100%
1530
100%
150300
100%
1632
100%
165330
100%
210420
100%
214428
100%
221442
100%
230460
100%
232464
100%
246492
100%
248496
100%
2550
100%
284568
100%
320640
100%
330660
100%
332664
100%
335670
100%
340680
100%
345690
100%
348696
100%
395790
100%
402804
100%
417834
100%
422844
100%
425850
100%
436872
100%
4794
100%
4896
100%
6781356
50%
7281456
50%
7911582
50%
510
0%
50100
0%
5001000
0%
5011002
0%
5021004
0%
5031006
0%
5041008
0%
5051010
0%
5061012
0%
5071014
0%
5081016
0%
5091018
0%
51102
0%
5101020
0%
5111022
0%
5121024
0%
5131026
0%
5141028
0%
5151030
0%
5161032
0%
5171034
0%
5181036
0%
5191038
0%
52104
0%
5201040
0%
5211042
0%
5221044
0%
5231046
0%
5241048
0%
5251050
0%
5261052
0%
5271054
0%
5281056
0%
5291058
0%
53106
0%
5301060
0%
5311062
0%
5321064
0%
5331066
0%
5341068
0%
5351070
0%
5361072
0%
5391078
0%
54108
0%
5401080
0%
5411082
0%
5421084
0%
5441088
0%
5451090
0%
5461092
0%
5471094
0%
5481096
0%
5491098
0%
55110
0%
5511102
0%
5521104
0%
5531106
0%
5541108
0%
5551110
0%
5561112
0%
5571114
0%
5581116
0%
5591118
0%
56112
0%
5601120
0%
5611122
0%
5621124
0%
5631126
0%
5651130
0%
5661132
0%
5671134
0%
5681136
0%
5691138
0%
57114
0%
5701140
0%
5711142
0%
5721144
0%
5731146
0%
5741148
0%
5751150
0%
5761152
0%
5771154
0%
5781156
0%
5791158
0%
58116
0%
5801160
0%
5811162
0%
5821164
0%
5831166
0%
5841168
0%
5851170
0%
5861172
0%
5871174
0%
5881176
0%
5891178
0%
59118
0%
5911182
0%
5921184
0%
5931186
0%
5941188
0%
5951190
0%
5961192
0%
5971194
0%
5981196
0%
5991198
0%
612
0%
60120
0%
6001200
0%
6011202
0%
6021204
0%
6031206
0%
6041208
0%
6061212
0%
6071214
0%
6081216
0%
6091218
0%
61122
0%
6101220
0%
6111222
0%
6121224
0%
6131226
0%
6141228
0%
6151230
0%
6171234
0%
6181236
0%
6191238
0%
62124
0%
6201240
0%
6211242
0%
6231246
0%
6241248
0%
6251250
0%
6261252
0%
6271254
0%
6281256
0%
6291258
0%
63126
0%
6301260
0%
6311262
0%
6321264
0%
6331266
0%
6341268
0%
6351270
0%
6361272
0%
6371274
0%
6381276
0%
6391278
0%
64128
0%
6401280
0%
6411282
0%
6421284
0%
6431286
0%
6441288
0%
6451290
0%
6461292
0%
6471294
0%
6481296
0%
6491298
0%
65130
0%
6501300
0%
6511302
0%
6521304
0%
6531306
0%
6541308
0%
6551310
0%
6571314
0%
6581316
0%
6591318
0%
66132
0%
6601320
0%
6611322
0%
6621324
0%
6631326
0%
6641328
0%
6651330
0%
6661332
0%
6671334
0%
6681336
0%
6691338
0%
67134
0%
6701340
0%
6711342
0%
6721344
0%
6731346
0%
6741348
0%
6751350
0%
6761352
0%
6771354
0%
6791358
0%
68136
0%
6801360
0%
6811362
0%
6821364
0%
6831366
0%
6841368
0%
6851370
0%
6861372
0%
6871374
0%
6881376
0%
6891378
0%
69138
0%
6901380
0%
6911382
0%
6921384
0%
6931386
0%
6941388
0%
6951390
0%
6961392
0%
6971394
0%
6981396
0%
6991398
0%
714
0%
70140
0%
7001400
0%
7011402
0%
7021404
0%
7041408
0%
7051410
0%
7061412
0%
7071414
0%
7081416
0%
71142
0%
7101420
0%
7111422
0%
7121424
0%
7131426
0%
7141428
0%
7151430
0%
7161432
0%
7171434
0%
7181436
0%
7191438
0%
72144
0%
7201440
0%
7211442
0%
7221444
0%
7231446
0%
7241448
0%
7261452
0%
7271454
0%
7291458
0%
7301460
0%
7311462
0%
7321464
0%
7331466
0%
7341468
0%
7351470
0%
7361472
0%
7371474
0%
7381476
0%
7391478
0%
74148
0%
7401480
0%
7411482
0%
7421484
0%
7431486
0%
7441488
0%
7451490
0%
7461492
0%
7471494
0%
7481496
0%
7491498
0%
75150
0%
7501500
0%
7511502
0%
7521504
0%
7531506
0%
7541508
0%
7551510
0%
7561512
0%
7581516
0%
7591518
0%
76152
0%
7601520
0%
7611522
0%
7621524
0%
7631526
0%
7641528
0%
7651530
0%
7661532
0%
7671534
0%
7681536
0%
7691538
0%
77154
0%
7701540
0%
7711542
0%
7721544
0%
7731546
0%
7741548
0%
7751550
0%
7761552
0%
7771554
0%
7781556
0%
7791558
0%
78156
0%
7801560
0%
7811562
0%
7821564
0%
7831566
0%
7841568
0%
7851570
0%
7861572
0%
7871574
0%
7881576
0%
7891578
0%
79158
0%
7921584
0%
7931586
0%
7941588
0%
7951590
0%
7961592
0%
7971594
0%
7981596
0%
7991598
0%
816
0%
80160
0%
8001600
0%
8011602
0%
8021604
0%
8031606
0%
8041608
0%
8051610
0%
8061612
0%
8071614
0%
8081616
0%
8091618
0%
81162
0%
8101620
0%
8111622
0%
8121624
0%
8131626
0%
8141628
0%
8161632
0%
8171634
0%
8181636
0%
8191638
0%
82164
0%
8211642
0%
8221644
0%
8231646
0%
8241648
0%
8251650
0%
8261652
0%
8271654
0%
8281656
0%
8291658
0%
83166
0%
8301660
0%
8311662
0%
8321664
0%
8331666
0%
8341668
0%
8351670
0%
8361672
0%
8371674
0%
8381676
0%
84168
0%
8401680
0%
8411682
0%
8421684
0%
8431686
0%
8441688
0%
8451690
0%
8461692
0%
8471694
0%
8481696
0%
8491698
0%
85170
0%
8501700
0%
8511702
0%
8521704
0%
8531706
0%
8541708
0%
8551710
0%
8561712
0%
8571714
0%
8581716
0%
8591718
0%
86172
0%
8601720
0%
8611722
0%
8621724
0%
8641728
0%
8651730
0%
8661732
0%
8671734
0%
8681736
0%
8691738
0%
87174
0%
8701740
0%
8711742
0%
8721744
0%
8731746
0%
8741748
0%
8751750
0%
8761752
0%
8771754
0%
8781756
0%
8791758
0%
88176
0%
8801760
0%
8811762
0%
8821764
0%
8831766
0%
8841768
0%
8851770
0%
8861772
0%
8871774
0%
8881776
0%
8891778
0%
89178
0%
8901780
0%
8911782
0%
8921784
0%
8931786
0%
8941788
0%
8951790
0%
8961792
0%
8971794
0%
8981796
0%
8991798
0%
918
0%
90180
0%
9001800
0%
9011802
0%
9021804
0%
9031806
0%
9041808
0%
9051810
0%
9061812
0%
9071814
0%
9081816
0%
9091818
0%
91182
0%
9101820
0%
9111822
0%
9121824
0%
9131826
0%
9141828
0%
9151830
0%
9161832
0%
9171834
0%
9181836
0%
9191838
0%
92184
0%
9211842
0%
9221844
0%
9231846
0%
9241848
0%
9251850
0%
9261852
0%
9271854
0%
9281856
0%
9291858
0%
93186
0%
9301860
0%
9311862
0%
9321864
0%
9331866
0%
9341868
0%
9351870
0%
9361872
0%
9371874
0%
9381876
0%
9391878
0%
94188
0%
9401880
0%
9411882
0%
9421884
0%
9441888
0%
9451890
0%
9461892
0%
9471894
0%
9481896
0%
9491898
0%
95190
0%
9501900
0%
9511902
0%
9531906
0%
9541908
0%
9551910
0%
9561912
0%
9571914
0%
9581916
0%
9591918
0%
96192
0%
9601920
0%
9611922
0%
9621924
0%
9631926
0%
9641928
0%
9651930
0%
9661932
0%
9671934
0%
9681936
0%
9691938
0%
97194
0%
9701940
0%
9711942
0%
9721944
0%
9731946
0%
9741948
0%
9751950
0%
9761952
0%
9771954
0%
9781956
0%
9791958
0%
98196
0%
9801960
0%
9811962
0%
9821964
0%
9831966
0%
9841968
0%
9851970
0%
9861972
0%
9871974
0%
9881976
0%
9891978
0%
99198
0%
9911982
0%
9921984
0%
9931986
0%
9941988
0%
1020
0%
100200
0%
101202
0%
102204
0%
103206
0%
104208
0%
105210
0%
106212
0%
107214
0%
108216
0%
109218
0%
1122
0%
110220
0%
111222
0%
112224
0%
115230
0%
116232
0%
117234
0%
118236
0%
119238
0%
1224
0%
120240
0%
121242
0%
123246
0%
125250
0%
126252
0%
127254
0%
128256
0%
129258
0%
1326
0%
130260
0%
132264
0%
133266
0%
134268
0%
135270
0%
136272
0%
137274
0%
138276
0%
139278
0%
1428
0%
142284
0%
143286
0%
144288
0%
145290
0%
146292
0%
147294
0%
148296
0%
149298
0%
151302
0%
152304
0%
153306
0%
154308
0%
155310
0%
156312
0%
157314
0%
158316
0%
159318
0%
160320
0%
161322
0%
162324
0%
163326
0%
164328
0%
166332
0%
167334
0%
168336
0%
169338
0%
1734
0%
170340
0%
171342
0%
172344
0%
173346
0%
174348
0%
175350
0%
176352
0%
177354
0%
178356
0%
179358
0%
1836
0%
180360
0%
181362
0%
182364
0%
183366
0%
184368
0%
185370
0%
186372
0%
187374
0%
188376
0%
189378
0%
1938
0%
190380
0%
191382
0%
192384
0%
193386
0%
194388
0%
195390
0%
196392
0%
197394
0%
198396
0%
199398
0%
2040
0%
200400
0%
201402
0%
202404
0%
203406
0%
204408
0%
205410
0%
206412
0%
207414
0%
208416
0%
209418
0%
2142
0%
211422
0%
212424
0%
213426
0%
215430
0%
216432
0%
217434
0%
218436
0%
219438
0%
2244
0%
220440
0%
222444
0%
223446
0%
224448
0%
225450
0%
226452
0%
227454
0%
228456
0%
229458
0%
2346
0%
231462
0%
233466
0%
234468
0%
235470
0%
236472
0%
237474
0%
238476
0%
239478
0%
2448
0%
240480
0%
241482
0%
242484
0%
243486
0%
244488
0%
245490
0%
247494
0%
249498
0%
250500
0%
251502
0%
252504
0%
253506
0%
254508
0%
255510
0%
256512
0%
257514
0%
258516
0%
259518
0%
2652
0%
260520
0%
261522
0%
262524
0%
263526
0%
264528
0%
265530
0%
266532
0%
267534
0%
268536
0%
269538
0%
2754
0%
270540
0%
271542
0%
272544
0%
273546
0%
274548
0%
275550
0%
276552
0%
277554
0%
278556
0%
279558
0%
2856
0%
280560
0%
281562
0%
282564
0%
283566
0%
285570
0%
286572
0%
287574
0%
288576
0%
289578
0%
2958
0%
290580
0%
291582
0%
292584
0%
293586
0%
294588
0%
295590
0%
296592
0%
297594
0%
298596
0%
299598
0%
3060
0%
300600
0%
301602
0%
302604
0%
303606
0%
304608
0%
305610
0%
306612
0%
307614
0%
308616
0%
309618
0%
3162
0%
310620
0%
311622
0%
312624
0%
313626
0%
314628
0%
315630
0%
316632
0%
317634
0%
318636
0%
319638
0%
3264
0%
321642
0%
322644
0%
323646
0%
324648
0%
325650
0%
326652
0%
327654
0%
328656
0%
329658
0%
3366
0%
331662
0%
333666
0%
334668
0%
336672
0%
337674
0%
338676
0%
339678
0%
3468
0%
341682
0%
342684
0%
343686
0%
344688
0%
346692
0%
347694
0%
349698
0%
3570
0%
350700
0%
351702
0%
352704
0%
353706
0%
354708
0%
355710
0%
356712
0%
357714
0%
358716
0%
359718
0%
3672
0%
360720
0%
361722
0%
362724
0%
363726
0%
364728
0%
365730
0%
366732
0%
367734
0%
368736
0%
369738
0%
3774
0%
370740
0%
371742
0%
372744
0%
373746
0%
374748
0%
375750
0%
376752
0%
377754
0%
378756
0%
379758
0%
3876
0%
380760
0%
381762
0%
382764
0%
383766
0%
384768
0%
385770
0%
386772
0%
387774
0%
388776
0%
389778
0%
3978
0%
390780
0%
391782
0%
392784
0%
393786
0%
394788
0%
396792
0%
397794
0%
398796
0%
399798
0%
4080
0%
400800
0%
401802
0%
403806
0%
404808
0%
405810
0%
406812
0%
407814
0%
408816
0%
409818
0%
4182
0%
410820
0%
411822
0%
412824
0%
413826
0%
414828
0%
415830
0%
416832
0%
418836
0%
419838
0%
4284
0%
420840
0%
421842
0%
423846
0%
424848
0%
426852
0%
427854
0%
428856
0%
429858
0%
4386
0%
430860
0%
431862
0%
432864
0%
433866
0%
434868
0%
435870
0%
437874
0%
438876
0%
439878
0%
4488
0%
440880
0%
441882
0%
442884
0%
443886
0%
444888
0%
445890
0%
446892
0%
447894
0%
448896
0%
449898
0%
4590
0%
450900
0%
451902
0%
452904
0%
453906
0%
454908
0%
455910
0%
456912
0%
457914
0%
458916
0%
459918
0%
4692
0%
460920
0%
461922
0%
462924
0%
463926
0%
464928
0%
465930
0%
466932
0%
467934
0%
468936
0%
469938
0%
470940
0%
471942
0%
472944
0%
473946
0%
474948
0%
475950
0%
476952
0%
477954
0%
478956
0%
479958
0%
480960
0%
481962
0%
482964
0%
483966
0%
484968
0%
485970
0%
486972
0%
487974
0%
488976
0%
489978
0%
4998
0%
490980
0%
491982
0%
492984
0%
493986
0%
494988
0%
495990
0%
496992
0%
497994
0%
498996
0%
499998
0%

Score Distribution

Percentile by Number Answered

Percent of People with Each Score

Your Score History

You have not taken this quiz